000 00647nam a2200265Ia 4500
003 OSt
005 20221005125414.0
006 a|||||r|||| 00| 0
007 ta
008 221004b |||||||| |||| 00| 0 tam d
020 _c4.00
024 _a48827
037 _cTextual
040 _aCRL
_cCRL
_btam
041 _2tam
_atam
082 _aO31,1NVA,3, L2
100 _aVanidasan Au.
_9629596
245 0 _aPattang pattalkal
260 _c1972
300 _a175p.
_ccm.
650 _a TAMIL POETRY
650 _aTAMIL LITERATURE
942 _hO31,1NVA,3, L2
_cTEXL
_2cc
999 _c1053905
_d1053905